Countries South of the United States - Statistics

General Stats
  • This quiz has been taken 19 times
  • The average score is 22 of 27
Answer Stats
Country % Correct
Brazil
100%
Cuba
100%
Argentina
94%
Bolivia
94%
Chile
94%
Costa Rica
94%
Guatemala
94%
Haiti
94%
Honduras
94%
Jamaica
94%
Bahamas
88%
Belize
88%
Dominican Republic
88%
Ecuador
88%
Panama
88%
Peru
88%
Venezuela
88%
Colombia
81%
El Salvador
81%
Mexico
81%
Nicaragua
81%
Kiribati
63%
New Zealand
63%
Tuvalu
63%
Fiji
56%
Samoa
56%
Tonga
56%
No matching quizzes found
Score Distribution
Percent of People with Each Score
Percentile by Number Answered
Your Score History
You have not taken this quiz